Kürt sorunu (Record no. 3369)

MARC details
000 -BAŞLIK
Sabit Uzunlukta Kontrol Alanı 01110na a2200301 4500
001 - KONTROL NUMARASI
Denetim Alanı 18023
003 - KONTROL NUMARASI IDENTIFIER
Denetim Alanı MIRAKIL
005 - SON İŞLEM TARİHİ VE ZAMANI
Denetim Alanı 20181213154929.0
008 - SABİT-BOY VERİ ELEMANLARI - GENEL BİLGİLER
Sabit Uzunlukta Kontrol Alanı 161109b tu 000 0
020 ## - ULUSLARARASI STANDART KİTAP NUMARASI
Uluslararası Standart Kitap Numarası 9759179296
035 ## - SİSTEM KONTROL NUMARASI
Sistem Kontrol Numarası 13136
040 ## - KATALOGLAMA KAYNAK
Orijinal Kataloglama Ajansı Milas
Kataloglama Dili tur
Metne Dönüştürmek Ajansı TR-AnCHP
041 ## - DİL KODU
Metin / Ses Parça Veya Ayrı Başlığın Dil Kodu tur
082 ## - DEWEY ONLU SINIFLANDIRMA NUMARASI
Sınıflandırma Numarası 323.119159
Ürün Numarası S34k 2006
090 ## - SINIFLAMA NUMARASI
Sınıflama Numarası 323.119159 S34k 2006
100 ## - ANA GİRİŞ - KİŞİSEL İSİM
Kişisel Ad Sekban, Şükrü Mehmet
245 ## - BAŞLIK TABLOSU
Başlık Kürt sorunu
Sorumluluk Tablosu, Vb Ö. Vehbi Hatipoğlu
260 ## - YAYIN, DAĞITIM, VB
Yayın, Dağıtım, Vb Yeri İstanbul
Yayıncı, Dağıtıcı, Vs Adı Kumsaati
Yayın, Dağıtım, Vb Tarihi 2006
300 ## - FİZİKSEL TANIM
Kapsam 152 s.
Boyutlar 20 sm.
505 ## - BİÇİMLENDİRİLDİ İÇİNDEKİLER NOT
Biçimlendirilmiş İçeriği Dikkat Kürt sorunu -- Gutiler -- Kardaka -- Turani -- Antropoloji bakımından Kürtler -- Kürtçe bir Hint-Avrupa dili midir? -- İdris-i bitlisi -- İsmail Ağa (Simko) -- Selahhattin-i Eyyubi -- kerim Han Zendi -- Kürt teavün ve Terakki Cemiyeti -- Kürt-teali Cemiyeti -- Dış Kürtler meselesi --
650 ## - KONU KATMA GİRİŞ - TOPİKAL DÖNEM
Topikal Süreli Veya Coğrafi Ad Giriş Elemanı Güneydoğu sorunu
Coğrafi Alt Bölümü Türkiye
650 ## - KONU KATMA GİRİŞ - TOPİKAL DÖNEM
Topikal Süreli Veya Coğrafi Ad Giriş Elemanı Kürt sorunu
Coğrafi Alt Bölümü Türkiye
650 ## - KONU KATMA GİRİŞ - TOPİKAL DÖNEM
Topikal Süreli Veya Coğrafi Ad Giriş Elemanı Kürtler
Genel Alt Bölümü Tarih
Coğrafi Alt Bölümü Türkiye
650 ## - KONU KATMA GİRİŞ - TOPİKAL DÖNEM
Topikal Süreli Veya Coğrafi Ad Giriş Elemanı Kürtler
Genel Alt Bölümü Etnik kimlik
651 ## - KONU KATMA GİRİŞ - COĞRAFİ ADI
Coğrafi İsim Türkiye
Genel Alt Bölümü Etnik ilişkiler
Kronolojik Alt Bölümü Kürtler
942 ## - EKLENDİ GİRİŞ ELEMANLARI (KOHA)
Sınıflandırma Veya Raf Düzeni Kaynak Dewey Decimal Classification
Koha Öğesi Türü Books
999 ## - SİSTEM KONTROL NUMARALARI (KOHA)
Koha Biblionumber 3369
Koha Biblioitemnumber 3369
657 ## - INDEX SÜRE - İŞLEVİ
-- Kürt meselesi
Holdings
Kalıcı Konum Mevcut Konum Edinme Tarihi Edinim Kaynak Toplam Check-Out'Lar Tam Çağrı Numarası Barkod Tarih Son Görülme İtibaren Geçerli Fiyatlar Koha Öğesi Türü
CHP Kütüphanesi CHP Kütüphanesi 11/09/2016 Bağış   323.119159 S34k 2006 009297 11/09/2016 11/09/2016 Books